মাইকেল মধুসূদন দত্তের কাব্য ও প্রহসনে লোক-উপাদান / (Record no. 39009)
[ view plain ]
| 000 -LEADER | |
|---|---|
| fixed length control field | 01111nam a2200253 a 4500 |
| 001 - CONTROL NUMBER | |
| control field | 39009 |
| 003 - CONTROL NUMBER IDENTIFIER | |
| rucl marc code | BD-RjUL |
| 005 - DATE AND TIME OF LATEST TRANSACTION | |
| control field | 20211209052911.0 |
| 008 - FIXED-LENGTH DATA ELEMENTS--GENERAL INFORMATION | |
| fixed length control field | 160529s2009 bg ||||| |||| 00| 0 ben d |
| 020 ## - INTERNATIONAL STANDARD BOOK NUMBER | |
| International Standard Book Number | 9840747304 |
| Terms of availability | : Tk.240.00 |
| 035 ## - SYSTEM CONTROL NUMBER | |
| System control number | (BD-RjUL)39120 |
| 040 ## - CATALOGING SOURCE | |
| Original cataloging agency | BD-RjUL |
| Language of cataloging | ben |
| Transcribing agency | BD-RjUL |
| 041 ## - LANGUAGE CODE | |
| Language code of text/sound track or separate title | ben |
| 082 ## - DEWEY DECIMAL CLASSIFICATION NUMBER | |
| Edition number | 23 |
| Classification number | 398.2 |
| Author mark and year | SHM 2009 |
| 100 ## - MAIN ENTRY--PERSONAL NAME | |
| Personal name | শেখ, মোঃ আকতারুজ্জামান |
| 9 (RLIN) | 120436 |
| 245 10 - TITLE STATEMENT | |
| Title | মাইকেল মধুসূদন দত্তের কাব্য ও প্রহসনে লোক-উপাদান / |
| Statement of responsibility, etc. | মোঃ আকতারুজ্জামান শেখ |
| 260 ## - PUBLICATION, DISTRIBUTION, ETC. (IMPRINT) | |
| Place of publication, distribution, etc. | ঢাকা : |
| Name of publisher, distributor, etc. | বাংলা একাডেমী, |
| Date of publication, distribution, etc. | ২০০৯ |
| 300 ## - PHYSICAL DESCRIPTION | |
| Pagination | [চৌদ্দ], ৪৪৮ পৃ. ; |
| Size | ২২ সেমি. |
| 504 ## - BIBLIOGRAPHY, ETC. NOTE | |
| Bibliography, etc | গ্রন্থপঞ্জি ও নির্ঘন্ট সম্বলিত |
| 600 ## - SUBJECT ADDED ENTRY--PERSONAL NAME | |
| Personal name | Dutt, Michael Madhusudan |
| Dates associated with a name | 1824-1873 |
| General subdivision | Criticism and interpretation. |
| 650 ## - SUBJECT ADDED ENTRY--TOPICAL TERM | |
| Topical term or geographic name as entry element | লোক সাহিত্য |
| 9 (RLIN) | 117527 |
| Topical term or geographic name as entry element | Folk literature. |
| 9 (RLIN) | 127150 |
| 942 ## - ADDED ENTRY ELEMENTS (KOHA) | |
| Source of classification or shelving scheme | Dewey Decimal Classification |
| Koha item type | Books |
| Lost status | Source of classification or shelving scheme | Damaged status | Not for loan | Collection code | Permanent Location | Current Location | Shelving location | Date acquired | Source of acquisition | Cost, normal purchase price | Total Checkouts | Full call number | Date last seen | Date checked out | Copy number | Koha item type |
|---|---|---|---|---|---|---|---|---|---|---|---|---|---|---|---|---|
| Dewey Decimal Classification | Non-fiction | Central Library, University of Rajshahi | Central Library, University of Rajshahi | 24/07/2012 | Bangla academy, Dhaka. | 240.00 | 5 | B 398.2 SHM 2009 | 11/09/2024 | 12/05/2024 | C-2 | Books | ||||
| Dewey Decimal Classification | Not For Loan | Non-fiction | Central Library, University of Rajshahi | Central Library, University of Rajshahi | Reading Room | 24/07/2012 | Dhaka, Bangla Academy | 240.00 | B 398.2 SHM 2009 | 04/02/2019 | C-1 | Books |